| 000 | 00000nam 2200000za 4500 |
| 001 | 9.834326 |
| 003 | CaOODSP |
| 005 | 20221107150417 |
| 007 | cr ||||||||||| |
| 008 | 170328s19731976onc #os f00| 0 eng d |
| 040 | |aCaOODSP|beng |
| 041 | |aeng|afre |
| 043 | |an-cn--- |
| 086 | 1 |aCS92-722/1971-PDF |
| 086 | 1 |aCS92-723/1971-PDF |
| 086 | 1 |aCS92-724/1971-PDF |
| 086 | 1 |aCS92-725/1971-PDF |
| 086 | 1 |aCS92-726/1971-PDF |
| 086 | 1 |aCS92-727/1971-PDF |
| 086 | 1 |aCS92-728/1971-PDF |
| 245 | 00|a1971 Census of Canada |h[electronic resource] : |bpopulation : vol. I - part 3 = Recensement du Canada 1971 : population : vol. I - partie 3. |
| 246 | 11|aRecensement du Canada 1971 : |bpopulation : vol. I - partie 3 |
| 246 | 15|aPopulation : |bgeneral characteristics|g(appears only in some volumes) |
| 260 | |a[Ottawa] : |bStatistics Canada = Statistique Canada, |c1973-1976. |
| 300 | |a7 v. |
| 500 | |aChiefly tables. |
| 500 | |aCover title. |
| 500 | |aDigitized edition from print [produced by Statistics Canada]. |
| 500 | |aCovers Bulletin 1.3-1 to 1.3-7. |
| 505 | 0 |a92-722. Introduction to volume I (part 3) -- 92-723. Ethnic groups -- 92-724. Religious denominations -- 92-725. Mother tongue -- 92-726. Official language and language most often spoken at home -- 92-727. Birthplace -- 92-728. Citizenship and immigration. |
| 546 | |aText in English and French. |
| 692 | 07|2gccst|aCensus |
| 692 | 07|2gccst|aPopulation |
| 710 | 2 |aStatistics Canada. |
| 792 | |t1971 Census of Canada |efre|w(CaOODSP)9.834330 |
| 856 | 40|qPDF|s2.52 MB|uhttps://publications.gc.ca/collections/collection_2017/statcan/CS92-722-1971.pdf|zIntroduction to volume I (part 3) |
| 856 | 40|qPDF|s5.96 MB|uhttps://publications.gc.ca/collections/collection_2017/statcan/CS92-723-1971.pdf|zEthnic groups |
| 856 | 40|qPDF|s8.95 MB|uhttps://publications.gc.ca/collections/collection_2017/statcan/CS92-724-1971.pdf|zReligious denominations |
| 856 | 40|qPDF|s6.14 MB|uhttps://publications.gc.ca/collections/collection_2017/statcan/CS92-725-1971.pdf|zMother tongue |
| 856 | 40|qPDF|s4.86 MB|uhttps://publications.gc.ca/collections/collection_2017/statcan/CS92-726-1971.pdf|zOfficial language and language most often spoken at home |
| 856 | 40|qPDF|s61.27 MB|uhttps://publications.gc.ca/collections/collection_2017/statcan/CS92-727-1971.pdf|zBirthplace |
| 856 | 40|qPDF|s2.28 MB|uhttps://publications.gc.ca/collections/collection_2017/statcan/CS92-728-1971.pdf|zCitizenship and immigration |